عرض عادي
عرض مارك
- Laszewski, Tom.
مدخل إسم شخص
001 - رقم الضبط
- حقل الضبط: 42249
003 - معرف رقم الضبط
- حقل الضبط: OSt
005 - تاريخ ووقت أخر عملية
- حقل الضبط: 20140111145454.0
008 - عناصر بيانات ثابتة الطول
- حقل تحكم ثابت الطول: 140111|||a|||||| | ||| d
040 ## - مصدر الفهرسة
- هيئة الفهرسة الأصلية: OSt
- وكالة الكتابة: OSt
100 ## - مدخل -- أسم شخص
- إسم شخص: Laszewski, Tom.
670 ## - بيانات المصدر موجوده
- الاستشهاد بالمصدر: Work cat.: (OSt)0: Laszewski, Tom., Migrating to the cloud :, c2012.
